000 00399nam a2200157Ia 4500
999 _c10832
_d10832
008 191201s2011 xx 000 0 und d
082 _a320.954
_bKOP
100 _aKOTHARI, Rajni
245 0 _aPolitics in India
250 _a2nd
260 _aNew Delhi
_bOrient Blackswan
_c2020
300 _a470
650 _aBachelor of Mass Communication
700 _aSARANGI, Prakash C.
942 _2ddc
_cBK